Court of First Instance of the European Communities (Registro nro. 161442)

Detalles MARC
000 -LEADER
fixed length control field 01377nam a22002657a 4500
007 - PHYSICAL DESCRIPTION FIXED FIELD--GENERAL INFORMATION
fixed length control field cr|||| ||||
008 - FIXED-LENGTH DATA ELEMENTS--GENERAL INFORMATION
fixed length control field 120223d19972009sp |||| s||||i0|||a1eng d
035 ## -
-- 1691
040 ## - CATALOGING SOURCE
Original cataloging agency vLex
090 ## -
-- 3029
-- 3029
245 00 - TITLE STATEMENT
Title Court of First Instance of the European Communities
Medium [Recurs electrònic]
256 ## -
-- Servei en linia
260 ## - PUBLICATION, DISTRIBUTION, ETC. (IMPRINT)
Place of publication, distribution, etc Barcelona :
Name of publisher, distributor, etc vLex
300 ## - PHYSICAL DESCRIPTION
Extent 1 recurs electrònic
500 ## - GENERAL NOTE
General note Aquesta font conté les sentències dictades per Court of First Instance of the European Communities fins el 30/11/2009. Les sentències posteriors a aquesta data es troben sota l'encapçalament General Court of the European Union.
506 1# - RESTRICTIONS ON ACCESS NOTE
Terms governing access Contingut disponible en els productes indicats
Authorized users vLex Global
-- vLex Global (Academic Edition, excluding Law Schools)
-- vLex Global (U.S. Academic Edition, Law Schools)
-- vLex Global (U.S. Academic Edition, excluding Law Schools)
-- vLex Global (Academic Edition, Law Schools)
610 2# - SUBJECT ADDED ENTRY--CORPORATE NAME
Corporate name or jurisdiction name as entry element Court of First Instance of the European Communities
650 04 - SUBJECT ADDED ENTRY--TOPICAL TERM
Topical term or geographic name as entry element Court of First Instance of the European Communities
General subdivision Jurisprudència
650 04 - SUBJECT ADDED ENTRY--TOPICAL TERM
Topical term or geographic name as entry element Sentències
740 0# -
-- vLex Jurisprudència (Servei en linia)
785 #0 -
-- General Court of the European Union
-- 6018
856 40 - LOCALIZACIÓN Y ACCESO ELECTRÓNICO
Identificador Uniforme del Recurso (URI/URL) https://app.vlex.com/#/sources/court-first-instance-european-communities-1691
942 ## -
-- RAA
999 ## -
-- 161442
-- 161442

No hay ítems disponibles.


CONTACTO


NOSOTROS


SITIOS DE INTERES

coordinacion.biblioteca.biblioteca@unienlinea.mx Misión, Visión y Objetivos Bases de datos
Directorio Bibliotecas Digitales y Repositorios
Normatividad Revistas y artículos
Convenios interbibliotecarios
Boletines



Hecho en México. Universidad Insurgentes (UIN). Todos los derechos reservados 2024. Esta página y sus contenidos pueden ser reproducidos con fines no lucrativos, siempre y cuando no se mutile, se cite la fuente completa y su dirección electrónicas. De otra forma requiere permiso previo por escrito de la institución




2024 Copyright Universidad Insurgentes | www.bibliouin.com.mx